{"text_format":"1","workbook":"xlsx","n_sheets":2,"sheets":["LSU Wheat Budget","LSU Wheat Budget blank fields"],"not_rendered":{"charts":0,"images":0,"macros":1,"external_links":0,"defined_names":2,"comments":0,"pivot_tables":0},"unopened":[],"bounds":{"document_bytes":16777216,"sheet_cells":100000,"rows_first":2000,"rows_last":500,"rows_between":2000,"halvings":0,"cell_chars":16384,"cell_head_chars":4096},"cells_cut":0,"cells_raw":0,"read":"whole","date_system":"1900"}

{"sheet":"LSU Wheat Budget","index":0,"n_rows":52,"n_cols":20,"rows_kept":52,"cut":false,"hidden":false,"merged":[[0,0,0,7],[1,0,1,7],[2,0,2,7],[3,5,3,6],[8,11,8,19],[7,10,7,19]]}
["Estimated costs and returns per acre"]
["Wheat, Produced on Alluvial Soils, Non-irrigated Practice"]
[" Louisiana"]
[null,null,null,null,null,"Landlord",null,"Tenant"]
["ITEM","UNIT","PRICE","QUANTITY","Total Amount","Share %","Share","Share"]
["INCOME"]
["Wheat","bu",6.15,60,{"$f":"ROUND(C7*D7,2)","v":369},0.2,{"$f":"ROUND(E7*F7,2)","v":73.8},{"$f":"ROUND(E7-G7,2)","v":295.2}]
["TOTAL INCOME",null,null,null,{"$f":"SUM(E7:E7)","v":369},null,{"$f":"SUM(G7:G7)","v":73.8},{"$f":"ROUND(E8-G8,2)","v":295.2},null,null,"Returns Above Variable (Direct) Production Expenses to the Grower (with share rent)"]
["                                                                       ",null,null,null,null,null,null,null,null,null,null,"Wheat Price "]
["DIRECT EXPENSES",null,null,null,null,null,null,null,null,null,"Yield",{"$f":"M10-0.05","v":5.9500000000000011},{"$f":"N10-0.05","v":6.0000000000000009},{"$f":"O10-0.05","v":6.0500000000000007},{"$f":"P10-0.05","v":6.1000000000000005},{"$f":"C7","v":6.15},{"$f":"P10+0.05","v":6.2},{"$f":"Q10+0.05","v":6.25},{"$f":"R10+0.05","v":6.3},{"$f":"S10+0.05","v":6.35}]
["  CUSTOM SPRAY",null,null,null,null,null,null,null,null,null,{"$f":"K12-5","v":40},{"$f":"((($K11-($K11*$F$7))*L$10)-$H$43)","v":-19.249999999999972},-17.649999999999977,-16.049999999999983,-14.449999999999989,-12.849999999999994,-11.25,-9.6500000000000057,-8.0500000000000114,-6.4500000000000171]
["App by Air ( 5 gal)","appl",7,1,{"$f":"ROUND(C12*D12,2)","v":7},0,{"$f":"ROUND(E12*F12,2)","v":0},{"$f":"ROUND(E12-G12,2)","v":7},null,null,{"$f":"K13-5","v":45},4.5500000000000398,6.3500000000000227,8.1500000000000057,9.9500000000000171,11.75,13.550000000000011,15.349999999999994,17.149999999999977,18.949999999999989]
["App by Air ( 3 gal)","appl",5.5,2,{"$f":"ROUND(C13*D13,2)","v":11},0,{"$f":"ROUND(E13*F13,2)","v":0},{"$f":"ROUND(E13-G13,2)","v":11},null,null,{"$f":"K14-5","v":50},28.350000000000051,30.350000000000023,32.350000000000023,34.350000000000023,36.349999999999994,38.349999999999994,40.349999999999994,42.349999999999994,44.349999999999994]
["  FERTILIZERS",null,null,null,null,null,null,null,null,null,{"$f":"K15-5","v":55},52.150000000000063,54.350000000000051,56.55000000000004,58.750000000000028,{"$f":"((($K14-($K14*$F$7))*P$10)-$H$43)","v":60.950000000000017},63.150000000000006,65.349999999999994,67.549999999999983,69.749999999999972]
["Phosphate","lb",0.65,40,{"$f":"ROUND(C15*D15,2)","v":26},0,{"$f":"ROUND(E15*F15,2)","v":0},{"$f":"ROUND(E15-G15,2)","v":26},null,null,{"$f":"D7","v":60},75.950000000000017,78.350000000000051,80.750000000000028,83.15,{"$f":"((($K15-($K15*$F$7))*P$10)-$H$43)","v":85.55000000000004},87.950000000000017,90.35,92.749999999999972,95.149999999999949]
["Potash","lb",0.41,40,{"$f":"ROUND(C16*D16,2)","v":16.399999999999999},0,{"$f":"ROUND(E16*F16,2)","v":0},{"$f":"ROUND(E16-G16,2)","v":16.399999999999999},null,null,{"$f":"K15+5","v":65},99.750000000000028,102.35000000000005,104.95000000000002,107.55000000000004,110.15,112.75000000000003,115.35,117.94999999999996,120.54999999999998]
["Nitrogen","lb",0.6,90,{"$f":"ROUND(C17*D17,2)","v":54},0,{"$f":"ROUND(E17*F17,2)","v":0},{"$f":"ROUND(E17-G17,2)","v":54},null,null,{"$f":"K16+5","v":70},123.55000000000004,126.35000000000005,129.15000000000006,131.95000000000002,134.75000000000003,137.54999999999998,140.35,143.15,145.94999999999996]
["  HERBICIDES",null,null,null,null,null,null,null,null,null,{"$f":"K17+5","v":75},147.35000000000005,150.35000000000005,153.35000000000005,156.35000000000005,159.35,162.35,165.35,168.35,171.35]
["Harmony Extra","oz",11.03,0.45,{"$f":"ROUND(C19*D19,2)","v":4.96},0,{"$f":"ROUND(E19*F19,2)","v":0},{"$f":"ROUND(E19-G19,2)","v":4.96},null,null,{"$f":"K18+5","v":80},171.15000000000006,174.35000000000005,177.55000000000004,180.75000000000003,183.95000000000002,187.15,190.35,193.54999999999998,196.74999999999997]
["  INSECTICIDES"]
["Surfactant","pt",3.3,0.2,{"$f":"ROUND(C21*D21,2)","v":0.66},0,{"$f":"ROUND(E21*F21,2)","v":0},{"$f":"ROUND(E21-G21,2)","v":0.66}]
["Mustang Max","oz",1.5,4,{"$f":"ROUND(C22*D22,2)","v":6},0,{"$f":"ROUND(E22*F22,2)","v":0},{"$f":"ROUND(E22-G22,2)","v":6}]
["Karate Z","oz",1,2.13,{"$f":"ROUND(C23*D23,2)","v":2.13},0,{"$f":"ROUND(E23*F23,2)","v":0},{"$f":"ROUND(E23-G23,2)","v":2.13}]
["  SEED/PLANTS"]
["Wheat Seed","lb",0.28000000000000003,90,{"$f":"ROUND(C25*D25,2)","v":25.2},0,{"$f":"ROUND(E25*F25,2)","v":0},{"$f":"ROUND(E25-G25,2)","v":25.2}]
["  CUSTOM FERTILIZE"]
["Lime (Spread)","ton",38,0.33,{"$f":"ROUND(C27*D27,2)","v":12.54},0,{"$f":"ROUND(E27*F27,2)","v":0},{"$f":"ROUND(E27-G27,2)","v":12.54}]
["  HAULING"]
["Haul","bu",0.26,{"$f":"D7","v":60},{"$f":"ROUND(C29*D29,2)","v":15.6},0,{"$f":"ROUND(E29*F29,2)","v":0},{"$f":"ROUND(E29-G29,2)","v":15.6}]
["  OPERATOR LABOR      "]
["Harvester","hour",15.3,8.1500000000000003E-2,{"$f":"ROUND(C31*D31,2)","v":1.25},0,{"$f":"ROUND(E31*F31,2)","v":0},{"$f":"ROUND(E31-G31,2)","v":1.25}]
["HIRED LABOR"]
["Implements","hour",11.83,0.10970000000000001,{"$f":"ROUND(C33*D33,2)","v":1.3},0,{"$f":"ROUND(E33*F33,2)","v":0},{"$f":"ROUND(E33-G33,2)","v":1.3}]
["Tractors","hour",11.83,0.27850000000000003,{"$f":"ROUND(C34*D34,2)","v":3.29},0,{"$f":"ROUND(E34*F34,2)","v":0},{"$f":"ROUND(E34-G34,2)","v":3.29}]
["  DIESEL FUEL"]
["Tractors","gal",2.5,2.9104000000000001,{"$f":"ROUND(C36*D36,2)","v":7.28},0,{"$f":"ROUND(E36*F36,2)","v":0},{"$f":"ROUND(E36-G36,2)","v":7.28}]
["Harvester","gal",2.5,1.2047000000000001,{"$f":"ROUND(C37*D37,2)","v":3.01},0,{"$f":"ROUND(E37*F37,2)","v":0},{"$f":"ROUND(E37-G37,2)","v":3.01}]
["  REPAIR & MAINTENANCE"]
["Implements","acre",4.12,1,{"$f":"ROUND(C39*D39,2)","v":4.12},0,{"$f":"ROUND(E39*F39,2)","v":0},{"$f":"ROUND(E39-G39,2)","v":4.12}]
["Tractors","acre",1.78,1,{"$f":"ROUND(C40*D40,2)","v":1.78},0,{"$f":"ROUND(E40*F40,2)","v":0},1.78]
["Harvester","acre",3.12,1,{"$f":"ROUND(C41*D41,2)","v":3.12},0,{"$f":"ROUND(E41*F41,2)","v":0},3.12]
["INTEREST ON OP. CAP.","acre",3.01,1,{"$f":"ROUND(C42*D42,2)","v":3.01},0,{"$f":"ROUND(E42*F42,2)","v":0},3.01]
["TOTAL DIRECT EXPENSES",null,null,null,{"$f":"SUM(E12:E42)","v":209.64999999999998},null,{"$f":"SUM(G12:G42)","v":0},209.65]
["RETURNS ABOVE DIRECT EXPENSES",null,null,null,{"$f":"+E8-E43","v":159.35000000000002},null,{"$f":"+G8-G43","v":73.8},85.55]
["                                                                       "]
["FIXED EXPENSES"]
["Implements","acre",8.15,1,{"$f":"ROUND(C47*D47,2)","v":8.15},0,{"$f":"ROUND(E47*F47,2)","v":0},{"$f":"ROUND(E47-G47,2)","v":8.15}]
["Tractors","acre",10.87,1,{"$f":"ROUND(C48*D48,2)","v":10.87},0,{"$f":"ROUND(E48*F48,2)","v":0},10.87]
["Harvester","acre",11.95,1,{"$f":"ROUND(C49*D49,2)","v":11.95},0,{"$f":"ROUND(E49*F49,2)","v":0},11.95]
["TOTAL FIXED EXPENSES",null,null,null,{"$f":"SUM(E47:E49)","v":30.97},null,{"$f":"SUM(G47:G49)","v":0},30.97]
["TOTAL SPECIFIED EXPENSES",null,null,null,{"$f":"+E43+E50","v":240.61999999999998},null,{"$f":"+G43+G50","v":0},240.62]
["RETURNS ABOVE TOTAL SPECIFIED EXPENSES",null,null,null,{"$f":"+E8-E51","v":128.38000000000002},null,{"$f":"+G8-G51","v":73.8},54.58]

{"sheet":"LSU Wheat Budget blank fields","index":1,"n_rows":53,"n_cols":20,"rows_kept":53,"cut":false,"hidden":false,"merged":[[0,0,0,7],[1,0,1,7],[2,0,2,7],[3,5,3,6]]}
["Estimated costs and returns per acre"]
["Wheat, Produced on Alluvial Soils, Non-irrigated Practice"]
[" Louisiana"]
[null,null,null,null,null,"Landlord",null,"Tenant"]
["ITEM","UNIT","PRICE","QUANTITY","Total Amount","Share %","Share","Share"]
["INCOME"]
["Wheat","bu",0,0,{"$f":"ROUND(C7*D7,2)","v":0},0,{"$f":"ROUND(E7*F7,2)","v":0},{"$f":"ROUND(E7-G7,2)","v":0},null,null,"Returns Above Variable (Direct) Production Expenses to the Grower (with share rent)"]
["TOTAL INCOME",null,null,null,{"$f":"SUM(E7:E7)","v":0},null,{"$f":"SUM(G7:G7)","v":0},{"$f":"ROUND(E8-G8,2)","v":0},null,null,null,"Wheat Price "]
["                                                                       ",null,null,null,null,null,null,null,null,null,"Yield",{"$f":"M9-0.05","v":-0.2},{"$f":"N9-0.05","v":-0.15000000000000002},{"$f":"O9-0.05","v":-0.1},{"$f":"P9-0.05","v":-0.05},{"$f":"C7","v":0},{"$f":"P9+0.05","v":0.05},{"$f":"Q9+0.05","v":0.1},{"$f":"R9+0.05","v":0.15000000000000002},{"$f":"S9+0.05","v":0.2}]
["DIRECT EXPENSES",null,null,null,null,null,null,null,null,null,{"$f":"K11-5","v":-20},{"$f":"((($K10-($K10*$F$7))*L$9)-$H$44)","v":4},3.0000000000000004,2,1,0,-1,-2,-3.0000000000000004,-4]
["  CUSTOM SPRAY",null,null,null,null,null,null,null,null,null,{"$f":"K12-5","v":-15},3,2.2500000000000004,1.5,0.75,0,-0.75,-1.5,-2.2500000000000004,-3]
["App by Air ( 5 gal)","appl",0,0,{"$f":"ROUND(C12*D12,2)","v":0},0,{"$f":"ROUND(E12*F12,2)","v":0},{"$f":"ROUND(E12-G12,2)","v":0},null,null,{"$f":"K13-5","v":-10},2,1.5000000000000002,1,0.5,0,-0.5,-1,-1.5000000000000002,-2]
["App by Air ( 3 gal)","appl",0,0,{"$f":"ROUND(C13*D13,2)","v":0},0,{"$f":"ROUND(E13*F13,2)","v":0},{"$f":"ROUND(E13-G13,2)","v":0},null,null,{"$f":"K14-5","v":-5},1,0.75000000000000011,0.5,0.25,0,-0.25,-0.5,-0.75000000000000011,-1]
["  FERTILIZERS",null,null,null,null,null,null,null,null,null,{"$f":"D7","v":0},0,0,0,0,0,0,0,0,0]
["Phosphate","lb",0,0,{"$f":"ROUND(C15*D15,2)","v":0},0,{"$f":"ROUND(E15*F15,2)","v":0},{"$f":"ROUND(E15-G15,2)","v":0},null,null,{"$f":"K14+5","v":5},-1,-0.75000000000000011,-0.5,-0.25,0,0.25,0.5,0.75000000000000011,1]
["Potash","lb",0,0,{"$f":"ROUND(C16*D16,2)","v":0},0,{"$f":"ROUND(E16*F16,2)","v":0},{"$f":"ROUND(E16-G16,2)","v":0},null,null,{"$f":"K15+5","v":10},-2,-1.5000000000000002,-1,-0.5,0,0.5,1,1.5000000000000002,2]
["Nitrogen","lb",0,0,{"$f":"ROUND(C17*D17,2)","v":0},0,{"$f":"ROUND(E17*F17,2)","v":0},{"$f":"ROUND(E17-G17,2)","v":0},null,null,{"$f":"K16+5","v":15},-3,-2.2500000000000004,-1.5,-0.75,0,0.75,1.5,2.2500000000000004,3]
["  HERBICIDES",null,null,null,null,null,null,null,null,null,{"$f":"K17+5","v":20},-4,-3.0000000000000004,-2,-1,0,1,2,3.0000000000000004,4]
["Herbicide ","oz",0,0,{"$f":"ROUND(C19*D19,2)","v":0},0,{"$f":"ROUND(E19*F19,2)","v":0},{"$f":"ROUND(E19-G19,2)","v":0}]
["Herbicide ","oz",0,0,{"$f":"ROUND(C20*D20,2)","v":0},0,{"$f":"ROUND(E20*F20,2)","v":0},{"$f":"ROUND(E20-G20,2)","v":0}]
["  INSECTICIDES"]
["Insecticide","pt",0,0,{"$f":"ROUND(C22*D22,2)","v":0},0,{"$f":"ROUND(E22*F22,2)","v":0},{"$f":"ROUND(E22-G22,2)","v":0}]
["Insecticide","oz",0,0,{"$f":"ROUND(C23*D23,2)","v":0},0,{"$f":"ROUND(E23*F23,2)","v":0},{"$f":"ROUND(E23-G23,2)","v":0}]
["Insecticide","oz",0,0,{"$f":"ROUND(C24*D24,2)","v":0},0,{"$f":"ROUND(E24*F24,2)","v":0},{"$f":"ROUND(E24-G24,2)","v":0}]
["  SEED/PLANTS"]
["Wheat Seed","lb",0,0,{"$f":"ROUND(C26*D26,2)","v":0},0,{"$f":"ROUND(E26*F26,2)","v":0},{"$f":"ROUND(E26-G26,2)","v":0}]
["  CUSTOM FERTILIZE"]
["Lime (Spread)","ton",0,0,{"$f":"ROUND(C28*D28,2)","v":0},0,{"$f":"ROUND(E28*F28,2)","v":0},{"$f":"ROUND(E28-G28,2)","v":0}]
["  HAULING"]
["Haul","bu",0,{"$f":"D7","v":0},{"$f":"ROUND(C30*D30,2)","v":0},0,{"$f":"ROUND(E30*F30,2)","v":0},{"$f":"ROUND(E30-G30,2)","v":0}]
["  OPERATOR LABOR      "]
["Harvester","hour",0,0,{"$f":"ROUND(C32*D32,2)","v":0},0,{"$f":"ROUND(E32*F32,2)","v":0},{"$f":"ROUND(E32-G32,2)","v":0}]
["HIRED LABOR"]
["Implements","hour",0,0,{"$f":"ROUND(C34*D34,2)","v":0},0,{"$f":"ROUND(E34*F34,2)","v":0},{"$f":"ROUND(E34-G34,2)","v":0}]
["Tractors","hour",0,0,{"$f":"ROUND(C35*D35,2)","v":0},0,{"$f":"ROUND(E35*F35,2)","v":0},{"$f":"ROUND(E35-G35,2)","v":0}]
["  DIESEL FUEL"]
["Tractors","gal",0,0,{"$f":"ROUND(C37*D37,2)","v":0},0,{"$f":"ROUND(E37*F37,2)","v":0},{"$f":"ROUND(E37-G37,2)","v":0}]
["Harvester","gal",0,0,{"$f":"ROUND(C38*D38,2)","v":0},0,{"$f":"ROUND(E38*F38,2)","v":0},{"$f":"ROUND(E38-G38,2)","v":0}]
["  REPAIR & MAINTENANCE"]
["Implements","acre",0,1,{"$f":"ROUND(C40*D40,2)","v":0},0,{"$f":"ROUND(E40*F40,2)","v":0},{"$f":"ROUND(E40-G40,2)","v":0}]
["Tractors","acre",0,1,{"$f":"ROUND(C41*D41,2)","v":0},0,{"$f":"ROUND(E41*F41,2)","v":0},0]
["Harvester","acre",0,1,{"$f":"ROUND(C42*D42,2)","v":0},0,{"$f":"ROUND(E42*F42,2)","v":0},0]
["INTEREST ON OP. CAP.","acre",0,1,{"$f":"ROUND(C43*D43,2)","v":0},0,{"$f":"ROUND(E43*F43,2)","v":0},0]
["TOTAL DIRECT EXPENSES",null,null,null,{"$f":"SUM(E12:E43)","v":0},null,{"$f":"SUM(G12:G43)","v":0},0]
["RETURNS ABOVE DIRECT EXPENSES",null,null,null,{"$f":"+E8-E44","v":0},null,{"$f":"+G8-G44","v":0},0]
["                                                                       "]
["FIXED EXPENSES"]
["Implements","acre",0,1,{"$f":"ROUND(C48*D48,2)","v":0},0,{"$f":"ROUND(E48*F48,2)","v":0},{"$f":"ROUND(E48-G48,2)","v":0}]
["Tractors","acre",0,1,{"$f":"ROUND(C49*D49,2)","v":0},0,{"$f":"ROUND(E49*F49,2)","v":0},0]
["Harvester","acre",0,1,{"$f":"ROUND(C50*D50,2)","v":0},0,{"$f":"ROUND(E50*F50,2)","v":0},0]
["TOTAL FIXED EXPENSES",null,null,null,{"$f":"SUM(E48:E50)","v":0},null,{"$f":"SUM(G48:G50)","v":0},0]
["TOTAL SPECIFIED EXPENSES",null,null,null,{"$f":"+E44+E51","v":0},null,{"$f":"+G44+G51","v":0},0]
["RETURNS ABOVE TOTAL SPECIFIED EXPENSES",null,null,null,{"$f":"+E8-E52","v":0},null,{"$f":"+G8-G52","v":0},0]